Regions of Spain by Borders (with a map) - Statistics

General Stats
  • This quiz has been taken 354 times
  • The average score is 15 of 17
Answers on the Map
Answers color-coded by a green-red scale on the quiz's map according to % correct below.
 
Answer Stats
Community % Correct
Castile and León
99%
Castilla-La Mancha
97%
Aragon
95%
Catalonia
94%
Valencia
93%
Madrid
91%
La Rioja
88%
Navarre
88%
Andalusia
83%
Asturias
83%
Galicia
82%
Murcia
82%
Basque Country
81%
Cantabria
81%
Extremadura
78%
Balearic Islands
71%
Canary Islands
70%
No matching quizzes found
Score Distribution
Percent of People with Each Score
Percentile by Number Answered
Your Score History
You have not taken this quiz